Catálogo público

Resultados de la investigación de la materia Introducción a la agroindustria realizados en los estados de Puebla, Veracruz, Tabasco, Chiapas y Oaxaca / (Record no. 171877)

MARC details
000 -CABECERA
campo de control de longitud fija 03346nam a2200577Ia 4500
001 - NÚMERO DE CONTROL
campo de control dia_1330
003 - IDENTIFICADOR DEL NÚMERO DE CONTROL
campo de control CHAP
005 - FECHA Y HORA DE LA ÚLTIMA TRANSACCIÓN
campo de control 20250116134636.0
007 - CAMPO FIJO DE DESCRIPCIÓN FÍSICA--INFORMACIÓN GENERAL
campo de control de longitud fija ta
008 - DATOS DE LONGITUD FIJA--INFORMACIÓN GENERAL
campo de control de longitud fija 220117s2016 mx bdo fr 001 0 spa d
040 ## - FUENTE DE LA CATALOGACIÓN
Centro/agencia transcriptor CHAP
Centro catalogador/agencia de origen mxchpua
090 ## - LOCALMENTE ASIGNADO TIPO-LC NÚMERO DE CLASIFICACIÓN (OCLC); NÚMERO DE CLASIFICACIÓN LOCAL (RLIN)
Número de clasificación (OCLC) (R) ; Numero de clasificación, CALL (RLIN) (NR) T.C.692
Número cutter local (OCLC) ; Número de libro/Signatura topográfica íntegra, CALL (RLIN) B84 IA
Año 2016
245 10 - MENCIÓN DE TÍTULO
Título Resultados de la investigación de la materia Introducción a la agroindustria realizados en los estados de Puebla, Veracruz, Tabasco, Chiapas y Oaxaca /
Mención de responsabilidad, etc. coordinadora María Ofelia Buendía González ; colaboradores Itzel Abarca Leocadio...[et al.]
260 ## - PUBLICACIÓN, DISTRIBUCIÓN, ETC.
Lugar de publicación, distribución, etc. México :
Nombre del editor, distribuidor, etc. El autor,
Fecha de publicación, distribución, etc. 2016
300 ## - DESCRIPCIÓN FÍSICA
Extensión v, 232 páginas :
Otras características físicas mapas, gráficas, diagramas, tablas, fotos +
Material acompañante/anejo 1 CD-ROM
336 ## - TIPO DE CONTENIDO
Fuente rdacontent
Término de tipo de contenido texto
Código de tipo de contenido txt
337 ## - TIPO DE MEDIO
Fuente rdamedia
Nombre/término del tipo de medio no mediado
Código del tipo de medio n
338 ## - TIPO DE SOPORTE
Fuente rdacarrier
Nombre/término del tipo de soporte volumen
Código del tipo de soporte nc
500 ## - NOTA GENERAL
Nota general Grado 4° Grupo 1 --<br/>El CD contiene reporte<br/>Directorio: páginas 228-232
502 ## - NOTA DE TESIS
Nota de tesis Viaje de estudios
Tipo de título (IA) --
Nombre de la institución que otorga el título UACh. Departamento de Ingeniería Agroindustrial,
Año de obtención del título 2015
504 ## - NOTA DE BIBLIOGRAFÍA, ETC.
Nota de bibliografía, etc. Bibliografía: páginas 213-220
505 ## - NOTA DE CONTENIDO CON FORMATO
Nota de contenido con formato Empresas visitadas: --
Título 1. Industrias Lácteos del Sureste, S. A. de C. V. -- <br/>2. Quesos Excelsior, S. A. de C. V. --<br/>3. Frigorífico de la cuenca del Papaloapan, S. A. de C. V. -- <br/>4. Cortes Finos Europeos, S. A. de R. L. -- <br/>5. SCHETTINO, S. A. de R. L. -- <br/>6. Fideicomiso Ingenio El Potrero 80329 -- <br/>7. Frutas y conservas de Veracruz, S. A. de C. V. -- <br/>8. Tabasco Citrus Pack México -- <br/>9. Gemma Agropecuaria de P.B. de R. L. -- <br/>10. Frutas Deshidratadas Xochicualli -- <br/>11. Mezcal de Oro, Oaxaca -- <br/>12. Compañía Cervecera del Trópico, S. A. de C. V. -- <br/>13. Productos Agropecuarios Beristain, S. A. de C. V. -- <br/>14. Cafés de Especialidad de Chiapas S. A. P. I. de C. V. -- <br/>15. Amaranto de Mesoamérica para el mundo, S. C. de R. L. -- <br/>16. Italpasta, S. A. de C. V. -- <br/>17. BIMBO, S. A. de C. V. Planta Puebla -- <br/>18. Harinera del Oriente, S. A. de C. V. -- <br/>19. Frituras Rincón Tarasco, S. A. de C.V. -- <br/>20. Mueganos El Águila, S. de R. C. MI -- <br/>21. Productos Avícolas El Calvario, S. A. de C.V. --<br/>22. Comunidades Campesinas en Caminos S de S. S. -- <br/>23. Aceitera Chiapaneca La Palma, S. de P. R. de R. L. de C. V. -- <br/>24. CACEP chocolates
650 13 - PUNTO DE ACCESO ADICIONAL DE MATERIA--TÉRMINO DE MATERIA
Término de materia o nombre geográfico como elemento de entrada Alimentos fritos
9 (RLIN) 126521
650 13 - PUNTO DE ACCESO ADICIONAL DE MATERIA--TÉRMINO DE MATERIA
Término de materia o nombre geográfico como elemento de entrada Azúcares
9 (RLIN) 150518
650 13 - PUNTO DE ACCESO ADICIONAL DE MATERIA--TÉRMINO DE MATERIA
Término de materia o nombre geográfico como elemento de entrada Frutos
9 (RLIN) 150524
650 10 - PUNTO DE ACCESO ADICIONAL DE MATERIA--TÉRMINO DE MATERIA
Término de materia o nombre geográfico como elemento de entrada Industria del huevo
Subdivisión geográfica México
9 (RLIN) 150525
650 13 - PUNTO DE ACCESO ADICIONAL DE MATERIA--TÉRMINO DE MATERIA
Término de materia o nombre geográfico como elemento de entrada Oleaginosas
9 (RLIN) 143465
650 13 - PUNTO DE ACCESO ADICIONAL DE MATERIA--TÉRMINO DE MATERIA
Término de materia o nombre geográfico como elemento de entrada Productos cárnicos
9 (RLIN) 147832
650 13 - PUNTO DE ACCESO ADICIONAL DE MATERIA--TÉRMINO DE MATERIA
Término de materia o nombre geográfico como elemento de entrada Productos del café
9 (RLIN) 150527
650 13 - PUNTO DE ACCESO ADICIONAL DE MATERIA--TÉRMINO DE MATERIA
Término de materia o nombre geográfico como elemento de entrada Productos lácteos
9 (RLIN) 92124
650 13 - PUNTO DE ACCESO ADICIONAL DE MATERIA--TÉRMINO DE MATERIA
Término de materia o nombre geográfico como elemento de entrada Verduras
9 (RLIN) 150530
650 13 - PUNTO DE ACCESO ADICIONAL DE MATERIA--TÉRMINO DE MATERIA
Término de materia o nombre geográfico como elemento de entrada Coffee products
9 (RLIN) 155323
650 13 - PUNTO DE ACCESO ADICIONAL DE MATERIA--TÉRMINO DE MATERIA
Término de materia o nombre geográfico como elemento de entrada Dairy products
9 (RLIN) 147027
650 13 - PUNTO DE ACCESO ADICIONAL DE MATERIA--TÉRMINO DE MATERIA
Término de materia o nombre geográfico como elemento de entrada Meat products
9 (RLIN) 147939
650 10 - PUNTO DE ACCESO ADICIONAL DE MATERIA--TÉRMINO DE MATERIA
Término de materia o nombre geográfico como elemento de entrada Egg industry
Subdivisión geográfica México
9 (RLIN) 150521
650 13 - PUNTO DE ACCESO ADICIONAL DE MATERIA--TÉRMINO DE MATERIA
Término de materia o nombre geográfico como elemento de entrada Fried foods
9 (RLIN) 154235
650 13 - PUNTO DE ACCESO ADICIONAL DE MATERIA--TÉRMINO DE MATERIA
Término de materia o nombre geográfico como elemento de entrada Fruits
9 (RLIN) 150789
650 13 - PUNTO DE ACCESO ADICIONAL DE MATERIA--TÉRMINO DE MATERIA
Término de materia o nombre geográfico como elemento de entrada Oilseeds
9 (RLIN) 152851
650 13 - PUNTO DE ACCESO ADICIONAL DE MATERIA--TÉRMINO DE MATERIA
Término de materia o nombre geográfico como elemento de entrada Sugars
9 (RLIN) 150528
650 13 - PUNTO DE ACCESO ADICIONAL DE MATERIA--TÉRMINO DE MATERIA
Término de materia o nombre geográfico como elemento de entrada Vegetables
9 (RLIN) 151808
700 1# - PUNTO DE ACCESO ADICIONAL--NOMBRE DE PERSONA
Nombre de persona Buendía González, María Ofelia
9 (RLIN) 150532
Término indicativo de función/relación coordinadora
700 1# - PUNTO DE ACCESO ADICIONAL--NOMBRE DE PERSONA
Nombre de persona Abarca Leocadio, Itzel
9 (RLIN) 150531
Término indicativo de función/relación colaboradora
856 41 - LOCALIZACIÓN Y ACCESO ELECTRÓNICOS
Identificador Uniforme del Recurso <a href="http://10.13.5.2/ve/TC692IA/TC692IA2016-REPORTE.pdf">http://10.13.5.2/ve/TC692IA/TC692IA2016-REPORTE.pdf</a>
Texto de enlace Descargar REPORTE
942 ## - ELEMENTOS DE PUNTO DE ACCESO ADICIONAL (KOHA)
Fuente del sistema de clasificación o colocación Clasificación Universidad Autónoma de Chapingo
901 ## - ELEMENTOS DE DATOS A LOCAL LDA (RLIN)
a T.C.692 B84 IA 2016
902 ## - ELEMENTOS DE DATOS B LOCAL, LDB (RLIN)
a M
905 ## - ELEMENTOS DE DATOS E LOCAL, LDE (RLIN)
a 5232272016 mx nmde8223123322spa16
942 ## - ELEMENTOS DE PUNTO DE ACCESO ADICIONAL (KOHA)
Tipo de ítem Koha Viaje de Estudios
Holdings
Estado de retiro Estado de pérdida Fuente del sistema de clasificación o colocación Estado dañado Restricciones de uso No para préstamo Código de colección Localización permanente Ubicación/localización actual Fecha de adquisición Fuente de adquisición Total de préstamos Signatura topográfica completa Código de barras Fecha visto por última vez Número de copia Precio válido a partir de Tipo de ítem Koha Fecha del último préstamo Ubicación en estantería
    Clasificación Universidad Autónoma de Chapingo   Préstamo interno   Viajes de Estudio Ingenieria Agroindustrial Ingenieria Agroindustrial 18/01/2022 El autor   T.C.692 B84 IA 2016 1106010122 18/01/2022 Ej. 3 18/01/2022 CD    
    Clasificación Universidad Autónoma de Chapingo   Préstamo 5 días   Viajes de Estudio Ingenieria Agroindustrial Ingenieria Agroindustrial 18/01/2022 El autor 1 T.C.692 B84 IA 2016 1106010211 26/01/2026 Ej. 2 18/01/2022 Viaje de Estudios 20/05/2024  
    Clasificación Universidad Autónoma de Chapingo   Préstamo 5 días   Viajes de Estudio Ingenieria Agroindustrial Ingenieria Agroindustrial 18/01/2022 El autor 1 T.C.692 B84 IA 2016 1106010212 20/05/2024 Ej. 4 18/01/2022 CD 20/05/2024  
    Clasificación Universidad Autónoma de Chapingo   Préstamo interno   Viajes de Estudio Ingenieria Agroindustrial Ingenieria Agroindustrial 18/01/2022 El autor   T.C.692 B84 IA 2016 1106010121 26/01/2026 Ej. 1 18/01/2022 Viaje de Estudios    
    Clasificación Universidad Autónoma de Chapingo       Viajes de estudio - En línea Ingenieria Agroindustrial Ingenieria Agroindustrial 02/05/2024 El autor   T.C.692 B84 IA 2016 1206010121 02/05/2024   02/05/2024 Viajes de Estudio - En línea   En línea